| 000 | 00780cam a22001814a 4500 | ||
|---|---|---|---|
| 005 | 20250605164403.0 | ||
| 008 | 250528s ||||||||||||||||||||||||d | ||
| 035 | _a24698 | ||
| 040 |
_aGR-AtMCL _bgre _dGR-AtMCL _eAACR2 |
||
| 245 | 1 | _aΔΕΗ Περιμένοντας την... Ανά-Σταση | |
| 260 |
_bMotori Επε, _c2019 |
||
| 300 | _a46 | ||
| 520 | _aΓιατί ο Μητσοτάκης είναι Επιφυλακτικός με τον ΣΕΒ, Εισητήριο Επιστροφής για 450.000 Έλληνες του Εξωτερικού, Εώς 400 Εκατ. Ευρώ για τις Υπόγειες Αποθήκες Φυσικού Αερίου. | ||
| 700 | 1 |
_aΚανουπάκης Γιάννης _99504 |
|
| 942 | _cCR | ||
| 999 |
_c9565 _d9565 |
||